El régimen autoritario: para una sociología de Pinochet

محفوظ في:
التفاصيل البيبلوغرافية
المؤلف الرئيسي: Tironi Barrios, Eugenio (مؤلف)
التنسيق: كتاب
اللغة:الإسبانية
منشور في: Santiago Dolmen 1985
الموضوعات:
الوسوم: إضافة وسم
لا توجد وسوم, كن أول من يضع وسما على هذه التسجيلة!

MARC

LEADER 00000nam a2200000 a 4500
001 UCR7133
003 CL-VaPUC
008 980514e19850000CL |||||||||||||||||spa|d
082 0 4 |a 301.983  |b TIR  |2 21 
100 0 |a Tironi Barrios, Eugenio  |e author  |9 408434 
245 1 3 |a El régimen autoritario: para una sociología de Pinochet 
300 |a 165 p 
942 |c BK 
945 |d 19980514 00:00:00  |a rbrito 
260 |a Santiago  |b Dolmen  |c 1985 
600 0 |a Pinochet Ugarte, Augusto,  |e 1915-2006  |9 374419 
650 0 |a Sociología   |9 255410 
650 7 |a DESINTEGRACION SOCIAL  |2 CL-VaPUC  |9 408435 
650 0 |a Autoritarismo  |9 295297 
650 0 |a Democracia  |9 255256 
650 0 |a Sociedad  |9 307903 
650 0 |a Política  |9 255312 
651 7 |a CHILE  |2 CL-VaPUC  |9 408437 
583 |a last modification  |c 19980514 00:00:00  |k Rodrigo Vera 
999 |c 268953  |d 268951 
952 |0 0  |1 0  |4 0  |6 301_983000000000000_TIR_1985  |7 0  |8 A  |9 302473  |a BIBHIS  |b BIBHIS  |d 2019-11-20  |i 3424065  |o 301.983 TIR 1985  |p 3424065  |r 2025-01-20  |w 2019-11-20  |y BK  |k HIS